Datum a čas kvízu
28.5
Celkem bodů
Celkový počet nahraných bodů na tomto kvízu bez doplňovacích otázek.
8.
Pořadí na kvízu
Konečné umístění týmu na tomto kvízu.
Zaznamenané odpovědi
| # | Otázka | Odpověď | Body | Výsledky |
|---|---|---|---|---|
| 1. | V pražském obchodním domě Máj... | (lidskou) kostru | 1 | |
| 2. | V pondělí jsme se dozvěděli o... | Starbucks | 0 | |
| 3. | Minulý týden jsme se dozvěděli... | o akvadukt | 0 | |
| 4. | Česká společnost Snuggs se sta... | menstruační kalhotky | 1 | |
| 5. | Uveďte název zimního střediska... | Svatý Mořic/St. Moritz; paralelní obří slalom | 0 | |
| 6. | Podíváme se na temné stránky d... | A) Diviš Bořek z Miletínka | 0 | |
| 7. | Doba pobělohorská znamenala zá... | Obnovené zřízení zemské | 0 | |
| 8. | První světová válka znamenala... | Zborov | 0 | |
| 9. | V období tzv. Protektorátu se... | František Fajtl | 0 | |
| 10. | Jedním z nejkontroverznějších... | v roce 1953, Antonín Zápotocký | 0 |